000 00390cam a22001217a 4500
008 180718b1966 xxu||||| |||| 00| 0 eng d
082 _aA81x54 In2/61/10/Pt 2/C/2
100 _aCensus of India 1961
245 _aMaharashtra: migration tables
260 _aDelhi
_bThe Manager of Publications
_c1966
300 _a558+p.
440 _aCensus of India 1961. Volume X, Maharashtra. Part II-C (ii)
999 _c484291
_d484291